000 00871nam a22002777a 4500
001 9490
003 FISKH
005 20260114150227.0
008 260114b cb ||||| |||| 00| 0 eng d
040 _aFISKH
_beng
_cFISKH
_dFISKH
050 _aPZ7.M7317 S
082 _a813
100 _aMolarsky, Osmond
_eAuthor
245 _aSong of the empty bottles /
_cBy Osmond Molarsky; illustrated by Herb Mott
260 _aChicago :
_bScience Research Associates Inc. ,
_c1968
300 _a20 pages :
_bcolor illustrations ;
_c21 cm
505 _aR
520 _aThaddeus collected empty bottles so he could earn money to buy a guitar
521 8 _a700
_bLexile estimate
521 8 _aR
_bRaz-Plus
650 _aChildhood
_vChildren saving money
650 _aGuitar
_vHard work
700 _aMott, Herb
_eIllustrator
942 _2ddc
_cBK
_n0
999 _c9490
_d9490